000 02554nam0a2200397 i 4500
001 RU\NLR\BIBL_A\010921034
005 20260405060755.0
010 _a9785794425666
_9150
021 _aRU
_b2015-90891
_95599
035 _a(NILC)RuMoRGB-008077741
035 _a(NLR Aleph) 010921034
090 _a10676065
_c10676065
100 _a20151207d2015 k y0rusy50 ca
101 0 _arus
_deng
_aeng
102 _aRU
105 _aa z 101yy
200 1 _aРоссыпи и месторождения кор выветривания: изучение, освоение, экология
_eматериалы XV Международного совещания по геологии россыпей и месторождений кор выветривания (РКВ - 2015), г. Пермь, ПГНИУ, 24-28 августа 2015 г.
_f[редкол.: акад. Н. П. Лаверов и др.]
210 _aПермь
_cИздательский центр Пермского государственного национального исследовательского университета
_d2015
215 _a269 с.
_cил.
_d29
300 _aВ надзаг.: М-во образования и науки Рос. Федерации, Федер. гос. бюджет. образоват. учреждение высш. проф. образования "Пермский гос. нац. исслед. ун-т", Естественнонауч. ин-т (ЕНИ ПГНИУ)
300 _aТекст частично на англ. яз.
300 _aРез. ст. на англ. яз.
320 _aБиблиогр. в конце ст.
320 _aАвт. указ.: с. 261-263
606 _aРоссыпные месторождения
_jСъезды, совещания и т.п
_91145037
_3RU\NLR\AUTH\66456321
606 _aПолезные ископаемые коры выветривания
_jСъезды, совещания и т.п
_91368879
_3RU\NLR\AUTH\66573385
675 _a553
686 1 _aД450.021.1я431(0)
686 1 _aД450.022.5я431(0)
702 1 _4340
_8rus
_7ca
_aЛаверов
_bН. П.
_f1930-
_gНиколай Павлович
_3RU\NLR\AUTH\7719990
_93058
711 1 2 _aМеждународное совещание по геологии россыпей и месторождений кор выветривания
_d15
_eПермь
_f2015
_9495556
_3RU\NLR\AUTH\880415228
801 0 _aRU
_bРГБ
_c20151123
_gRCR
942 _cBOOK
980 _aNBR